Skoki Narciarskie - Medaliści IO z Polski - Statystyki

Ogólne statystyki
  • Ten quiz został rozwiązany 226 razy
  • Średni wynik to 6 z 7
Statystyki odpowiedzi
🥇 🥈 🥉 Skoczek % Poprawnych
3x - 1x Kamil Stoch
100%
- 3x 1x Adam Małysz
98%
- - 2x Dawid Kubacki
98%
- 2x 1x Kacper Tomasiak
95%
- - 1x Maciej Kot
91%
- - 1x Stefan Hula
83%
- 1x - Paweł Wąsek
82%
Nie znaleziono quizów pasujących do podanych kryteriów
Rozkład punktacji
Procent ludzi z każdym wynikiem
Percentyl według liczby udzielonych odpowiedzi
Twoja historia wyników
Nie rozwiązałeś tego quizu